000 00236nam a2200097 a 4500
005 20200930080342.0
008 120409s1903 000 spa d
245 0 _aEntrega de salnave.
260 _aSanto Domingo,
_c1903.
999 _c36900
_d36900
040 _aDO-SdBNP